| 000 | 00714nam a22001457a 4500 | ||
|---|---|---|---|
| 008 | 140822b xxu||||| |||| 00| 0 eng d | ||
| 020 | _a0406091420 | ||
| 050 | _aKD277.7.L39(1881 vol.7) | ||
| 245 |
_aThe Law Reports (1881 vol.7) Queen's Bench Division :Under the suprintendence and control of the incorporated council of law reporting for england and wales, supreme court of judicature cases determined in the queen's bench division and on appeal in the court of appeal and decisions on crown cases reserved. / _cedited by J.R. Bulwer. |
||
| 260 |
_aLondon: _bButterworth & Co Ltd, _c1881. |
||
| 300 |
_axvi,644p.: _c24cm. |
||
| 440 |
_pqueen's bench division. _vvol.7. |
||
| 800 | _4Bulwer, J.R. | ||
| 942 |
_2lcc _cBK |
||
| 999 |
_c3674 _d11174 |
||